[Event "FICGS class B 000114 email"]
[Site "FICGS email"]
[Date "2010.06.27"]
[Round "1"]
[White "Comes Dumoulin, Ruben Marcelo"]
[Black "Greguol, Daniel"]
[Result "1-0"]
[WhiteElo "1800"]
[BlackElo "1800"]
[PlyCount "27"]
[EventDate "2010.??.??"]
[EventType "tourn (corr)"]
[EventRounds "6"]
[SourceTitle "Corr 2013"]
[Source "ChessBase"]
[SourceDate "2012.11.12"]
[SourceVersion "1"]
[SourceVersionDate "2012.11.12"]
[SourceQuality "1"]

1. e4 c5 2. Nf3 g6 3. c3 Bg7 4. d4 cxd4 5. cxd4 d5 6. e5 e6 7. h4 Ne7 8. h5 0-0 9. Nc3 Nbc6 10. Bf4 a5 11. Qd2 Bd7 12. Bh6 Bxh6 13. Qxh6 Nf5 14. Qd2 1-0

[Event "FICGS class B 000114 email"]
[Site "FICGS email"]
[Date "2010.06.27"]
[Round "1"]
[White "Greguol, Daniel"]
[Black "Kokoryukin, Sergey"]
[Result "1/2-1/2"]
[WhiteElo "1800"]
[BlackElo "1800"]
[PlyCount "95"]
[EventDate "2010.??.??"]
[EventType "tourn (corr)"]
[EventRounds "6"]
[SourceTitle "Corr 2013"]
[Source "ChessBase"]
[SourceDate "2012.11.12"]
[SourceVersion "1"]
[SourceVersionDate "2012.11.12"]
[SourceQuality "1"]

1. b4 e5 2. Bb2 Bxb4 3. Bxe5 Nf6 4. Nf3 d5 5. e3 0-0 6. a3 Be7 7. c4 c6 8. Qc2 Bg4 9. Be2 Nbd7 10. Bb2 dxc4 11. Qxc4 Qb6 12. Qc2 Bf5 13. d3 Nc5 14. Bc3 Rfd8 15. Nd4 Bg6 16. 0-0 Nd5 17. Nd2 Qa6 18. Ne4 Qa4 19. Qxa4 Nxa4 20. Ba5 Re8 21. Rfb1 Ndb6 22. Ra2 Rad8 23. g4 Bxe4 24. dxe4 Bf6 25. f3 Bxd4 26. exd4 Rxd4 27. Kf2 Rd7 28. Rc2 Re5 29. Bb4 f6 30. h4 h5 31. gxh5 Rxh5 32. Kg3 Re5 33. Bd2 f5 34. Bf4 Re8 35. exf5 Nc3 36. Rxc3 Rxe2 37. Re3 Rxe3 38. Bxe3 Nc4 39. Bxa7 Nxa3 40. Re1 Nb5 41. Bf2 Rd2 42. Re5 Kf7 43. Bc5 Nd6 44. Kf4 Nc8 45. Re6 Rh2 46. Kg4 Rc2 47. Ba3 Ra2 48. Bd6 1/2-1/2